Влияние ионизирующей радиации на изменение некоторых свойств стекол; Тезисы докладов межвузовской конференции по вопросам радиационной физики, Томск, 5-10 июня 1967 г.

Dettagli Bibliografici
Parent link:Тезисы докладов межвузовской конференции по вопросам радиационной физики, Томск, 5-10 июня 1967 г..— 1967.— С. 61
Autore principale: Завадовская Е. К. Екатерина Константиновна
Altri autori: Вахромеев В. Г., Стародубцев В. А. Вячеслав Алексеевич
Lingua:russo
Pubblicazione: 1967
Soggetti:
Natura: MixedMaterials Capitolo di libro
KOHA link:https://koha.lib.tpu.ru/cgi-bin/koha/opac-detail.pl?biblionumber=175934

MARC

LEADER 00000naa2a2200000 4500
001 175934
005 20231031165154.0
035 |a (RuTPU)RU\TPU\book\190733 
035 |a RU\TPU\tpu\740 
090 |a 175934 
100 |a 20100218d1967 k y0rusy50 ca 
101 0 |a rus 
102 |a RU 
200 1 |a Влияние ионизирующей радиации на изменение некоторых свойств стекол  |f Е. К. Завадовская, В. Г. Вахромеев, В. А. Стародубцев 
463 0 |0 (RuTPU)RU\TPU\book\179074  |t Тезисы докладов межвузовской конференции по вопросам радиационной физики, Томск, 5-10 июня 1967 г.  |f Томский политехнический институт (ТПИ) ; под ред. А. А. Воробьева  |v С. 61  |d 1967  |p 143 с. 
610 1 |a физика 
610 1 |a труды учёных ТПУ 
700 1 |a Завадовская  |b Е. К.  |c российский физик  |c профессор кафедры физики твердого тела Томского политехнического института  |f 1913-2004  |g Екатерина Константиновна  |2 stltpush  |3 (RuTPU)RU\TPU\pers\19787 
701 1 |a Вахромеев  |b В. Г. 
701 1 |a Стародубцев  |b В. А.  |c физик  |c профессор Томского политехнического университета, доктор педагогических наук  |f 1943-  |g Вячеслав Алексеевич  |2 stltpush  |3 (RuTPU)RU\TPU\pers\26939 
801 0 |a RU  |b 63413507  |c 20011210  |g PSBO 
801 2 |a RU  |b 63413507  |c 20160930  |g PSBO 
942 |c BK